000
00195 a2200097 4500
020
_a
9781561484591
041
_a
eng
100
_a
Phyllis Pellman Good
245
_a
Diabetic coorbook
942
_c
BK
999
_c
10084
_d
10084